La ejecucin̤ provisional en el proceso civil en la nueva Ley de Enjuciamiento Civil

Detalles Bibliográficos
Autor principal: Velazquez Martn̕, ℓngeles
Formato: Desconocido
Lenguaje:español
Publicado: Madrid : Dykinson, 2003
Materias:
Acceso en línea:Acceso restringido

MARC

LEADER 00000ny a22000003n 4500
005 20110623124520.0
008 100325s2003 sp 000 0 spa d
020 |a 9788497720427 
035 |a 294 
040 |a BUS  |d vLex 
080 |a 347.91/.95(460) 
090 |c 1059  |d 1059 
100 |a Velazquez Martn̕, ℓngeles 
245 1 3 |a La ejecucin̤ provisional en el proceso civil en la nueva Ley de Enjuciamiento Civil  |h [Recurso electrn̤ico]  |c Ma ℓngeles Velz̀quez Martn̕ 
256 |a Servicio en ln̕ea 
260 |a Madrid :  |b Dykinson,  |c 2003 
506 1 |a Contenido solo disponible en los productos indicados  |d vLex Global  |d vLex Global (Academic Edition, excluding Law Schools)  |d vLex Global (U.S. Academic Edition, Law Schools)  |d vLex Global (U.S. Academic Edition, excluding Law Schools)  |d vLex Global (Academic Edition, Law Schools) 
650 0 7 |a Ley de enjuiciamiento civil  |2 Tesauro vLex 
650 0 7 |a Procesal  |2 Tesauro vLex 
650 0 7 |a Ejecucin̤ provisional de sentencias  |2 Tesauro vLex 
650 0 7 |a Ejecucin̤ provisional  |2 Tesauro vLex 
740 0 |a vLex Libros (Servicios en ln̕ea) 
856 4 0 |u http://vlex.com/source/294  |z Acceso restringido 
942 |c BOOK